MARC details
| 000 -CABECERA |
| campo de control de longitud fija |
01058nam a2200289 a 4500 |
| 001 - NÚMERO DE CONTROL |
| campo de control |
000024812 |
| 005 - FECHA Y HORA DE LA ÚLTIMA TRANSACCIÓN |
| campo de control |
20200930023402.0 |
| 008 - DATOS DE LONGITUD FIJA--INFORMACIÓN GENERAL |
| campo de control de longitud fija |
110203s1977 mx r 000 | spa d |
| 040 ## - FUENTE DE LA CATALOGACIÓN |
| Centro catalogador/agencia de origen |
DO-SdBNP |
| Lengua de catalogación |
spa |
| Centro/agencia transcriptor |
BNPHU |
| 041 17 - CÓDIGO DE LENGUA |
| Código de lengua del texto/banda sonora o título independiente |
eng |
| Código de lengua original |
spa |
| Fuente del código |
Código de idioma MARC |
| 082 ## - NÚMERO DE LA CLASIFICACIÓN DECIMAL DEWEY |
| Número de clasificación |
150.195 |
| Número de documento/Ítem |
F932c |
| 049 ## - FONDOS LOCALES (OCLC) |
| Fondos de biblioteca |
BNGR |
| 100 1# - ENTRADA PRINCIPAL--NOMBRE DE PERSONA |
| Nombre de persona |
Fromm, Erich, |
| Fechas asociadas al nombre |
1900-1980 |
| 9 (RLIN) |
8175 |
| 240 14 - TÍTULO UNIFORME |
| Título uniforme |
The heart of man. |
| Lenguaje de la obra |
Español |
| 245 13 - MENCIÓN DE TÍTULO |
| Título |
El corazón del hombre : |
| Resto del título |
su potencia para el bien y para el mal / |
| Mención de responsabilidad, etc. |
Erich Fromm ; traducción de Florentino M. Torres. |
| 260 ## - PUBLICACIÓN, DISTRIBUCIÓN, ETC. |
| Lugar de publicación, distribución, etc. |
México, D. F. : |
| Nombre del editor, distribuidor, etc. |
Fondo de Cultura Económica, |
| Fecha de publicación, distribución, etc. |
1977. |
| 300 ## - DESCRIPCIÓN FÍSICA |
| Extensión |
179 p. ; |
| Dimensiones |
17 cm.. |
| 490 1# - MENCIÓN DE SERIE |
| Mención de serie |
Popular |
| Designación de volumen o secuencia |
76 |
| 534 ## - NOTA SOBRE LA VERSIÓN ORIGINAL |
| Encabezamiento principal del original |
Título original : |
| Mención de título del original |
The heart of man |
| 500 ## - NOTA GENERAL |
| Nota general |
Incluye referencias bibliográficas al pie de páginas |
| 500 ## - NOTA GENERAL |
| Nota general |
Quinta reimpresión de la primera edición en español |
| 650 #4 - PUNTO DE ACCESO ADICIONAL DE MATERIA--TÉRMINO DE MATERIA |
| Término de materia o nombre geográfico como elemento de entrada |
Psicoanálisis |
| 9 (RLIN) |
1958 |
| 650 #4 - PUNTO DE ACCESO ADICIONAL DE MATERIA--TÉRMINO DE MATERIA |
| Término de materia o nombre geográfico como elemento de entrada |
Bien y mal |
| 9 (RLIN) |
1306 |
| 650 #4 - PUNTO DE ACCESO ADICIONAL DE MATERIA--TÉRMINO DE MATERIA |
| Término de materia o nombre geográfico como elemento de entrada |
Psicología de la religión |
| 9 (RLIN) |
34405 |
| 700 1# - PUNTO DE ACCESO ADICIONAL--NOMBRE DE PERSONA |
| Nombre de persona |
Torres, Florentino M., |
| Término indicativo de función/relación |
tr. |
| 9 (RLIN) |
50919 |
| 830 #0 - PUNTO DE ACCESO ADICIONAL DE SERIE-TÍTULO UNIFORME |
| Título uniforme |
Popular, |
| Designación de volumen o secuencia |
76 |
| 9 (RLIN) |
13374 |